PIB per Capita por comunidades autonomas - Estadísticas

Estadísticas generales
  • Esta prueba ha sido intentada 58 veces
  • La puntuación promedio es 13 de 19
Estadísticas de respuestas
Hint Respuesta % Correcto
48.049 $ Comunidad de Madrid
100%
44.265 $ País Vasco
82%
42.158 $ Navarra
78%
40.293 $ Cataluña
76%
26.493 $ Andalucía
71%
27.322 $ Extremadura
71%
39.691 $ Aragón
69%
36.772 $ La Rioja
67%
29.006 $ Region de Murcia
67%
32.287 $ Cantabria
64%
33.374 $ Castilla y León
64%
24.917 $ Ceuta
64%
32.619 $ Galicia
64%
38.858 $ Islas Baleares
64%
22.739 $ Melilla
64%
28.335 $ Castilla-La Mancha
62%
29.634 $ Comunidad Valenciana
60%
32.030 $ Asturias
58%
27.871 $ Canarias
58%
No se encontraron pruebas coincidentes
Distribución de puntuación
Porcentaje de gente con cada puntuación
Porcentaje por número respondido
Historial de tus puntuaciones
No has intentado esta prueba.